00604nam a2200181 i 450000100060000000300090000600500170001500700030003200800410003510000470007624500450012325000150016826000460018330000220022985200320025199900170028395201220030063468ES-MaACL20230906164858.0t|031210s1971 sp ||||1| spa d1 aFerrer Lerín, Francisco (d1942-)95048113aLa hora oval / cFrancisco Ferrer Lerin. a[1ª ed.]. aBarcelona : bLlibres de Sinera, c[1971] a136 p. ; c18 cm. aES-MaACLjC-45933 bR.79183 c63468d63468 00104070aATENEOMbATENEOMcDEPO2d2008-01-17eSCl0oC-45933p1066525r2023-02-23 00:00:00w2023-02-23yMONOGRAFIA